Statistics for The Thundermans Theme Song

Click here to take the quiz!

General Stats

  • This quiz has been taken 208 times
  • The average score is 13 of 18

Answer Stats

HintAnswer% Correct
with asecret
92%
is not what youget
91%
Living ourlives
89%
What yousee
88%
just like all therest
79%
We fitright in
79%
Look closer you mightsee
76%
Cause we're living ourlives
74%
Is what we tryto be
74%
and stay out oftrouble
74%
Living adouble life
70%
Trying to benormal
70%
it's ourreality
70%
Apicture perfect family
69%
the crazythings we do
68%
Just youraverage family
63%
This isn'tmake-believe
62%
bet younever guessed
55%

Score Distribution

Percentile by Number Answered

Percent of People with Each Score

Your Score History

You have not taken this quiz